Представление документа в формате MARC21

Поле Инд. ПП Название Значение
Тип записи a
Библиографический уровень m
001 Контрольный номер DU/598461139
005 Дата корректировки 20210929120515.5
008 Кодируемые данные 20181218
022 0_ a ISSN 2223-5477
041 0_ a Код языка текста rus
084 a Индекс другой классификации/Индекс ББК 88в; 88.5; 88.312; 88.252; 88.7; 88.69; 88.572; 88.415-99; 88.415-8; 88.521; 88.522; 88.413; 88р3с51
090 a Полочн. индекс 95.2+88
099 a Индекс 43049
245 10 a Заглавие Психология. Историко-критические обзоры и современные исследования
b Продолж. заглавия журнал по психологическим наукам
n Номер части/ раздела №2А/2018. Т.7
c Ответственность учредитель: "Аналитика Родис"; гл. ред. И. Н. Семенов
260 c Дата издания 2018
b Издательство Аналитика Родис
a Место издания Ногинск
300 a Объем 136 с.
500 a Примечание Журнал
504 a Библиография Библиогр. в конце статьи
505 0_ a Форматированное содержание Интерпретационный потенциал метода психологии
b Автор Лукьянов А. С.
b Автор Лукьянова М. В.
b Автор Строй Г. В.
505 0_ a Форматированное содержание Психологические механизмы формирования социальных представлений пользователей о продуктах цифровой экономики
b Автор Ноакк Н. В.
b Автор Ларин С. Н.
b Автор Патоша О. И.
505 0_ a Форматированное содержание Экологическое сознание, жизнестойкость, эмоциональная стабильность студентов: результаты эмпирического исследования
b Автор Воронина Т. Н.
b Автор Лукьянов А. С.
505 0_ a Форматированное содержание Переработка информации в сторону эмоциональных стимулов: обзор исследований
b Автор Пряхина Т. В.
505 0_ a Форматированное содержание Телесный опыт и его роль в структуре социальной фрустрированности у больных соматоформными расстройствами
b Автор Василенко Т. Д.
b Автор Мангушев Ф. Ю.
505 0_ a Форматированное содержание Социально-психологические проблемы профессиональной идентичности преподавателя в виртуальном образовательном пространстве
b Автор Дедов Н. П.
505 0_ a Форматированное содержание Основные пути изменения социально-психологических установок молодых избирателей в ходе предвыборной кампании
b Автор Дедов Н. П.
b Автор Коробанова Ж. В.
b Автор Крылов А. Ю.
505 0_ a Форматированное содержание Влияние социализации старших школьников в Интернете на уровень развития эмпатии
b Автор Девятов С. С.
505 0_ a Форматированное содержание Родительская депривация как фактор суицидального риска у подростков
b Автор Игнатова Е. С.
505 0_ a Форматированное содержание Характеристики образа мира и психологического состояния после простмотра передач с экстремальными сюжетами у молодежи как показатель коллективной травмы
b Автор Баранова В. А.
b Автор Савина О. О.
505 0_ a Форматированное содержание Психологическое здоровье студентов младших курсов педагогического вуза
b Автор Родин Ю. И.
b Автор Метелкина Д. С.
b Автор Мишина А. В.
505 0_ a Форматированное содержание Психологические особенности развития волевой саморегуляции у студентов духовной семинарии
b Автор Нартов А. А.
505 0_ a Форматированное содержание Анализ совместной деятельности дошкольников как системы
b Автор Раннева Е. Ю.
505 0_ a Форматированное содержание Факторный анализ значимости цифровой грамотности в профессиональном развитии студентов-психологов
b Автор Зябрева В. С.
505 0_ a Форматированное содержание Качество жизни у людей с тревожно-депрессивными расстройствами
b Автор Люкшина Д. С.
b Автор Кадыров Р. В.
b Автор Капустина Т. В.
530 a Примеч. о доп. формах оглавление
650 14 a Основная рубрика возрастная психология
a Основная рубрика детская психология
a Основная рубрика клиническая психология (медицинская психология)
a Основная рубрика общая психология
a Основная рубрика педагогическая психология
a Основная рубрика политическая психология
a Основная рубрика психические процессы
a Основная рубрика психология
a Основная рубрика психология личности
a Основная рубрика психология религии
a Основная рубрика социальная психология
653 0_ a Ключевые слова алексетимия
a Ключевые слова аутоагрессивное поведение
a Ключевые слова аффект
a Ключевые слова виртуальное образовательное пространство
a Ключевые слова виртуальное общение
a Ключевые слова волевая саморегуляция
a Ключевые слова депрессия
a Ключевые слова депривация родительская
a Ключевые слова дошкольники
a Ключевые слова дошкольный возраст
a Ключевые слова духовное образование
a Ключевые слова духовные семинарии
a Ключевые слова жизненные ситуации
a Ключевые слова индивидуальные свойства
a Ключевые слова Интернет
a Ключевые слова интернет-общение
a Ключевые слова интерпретационные методы
a Ключевые слова интерпретация информации
a Ключевые слова информатизация
a Ключевые слова информационно-коммуникационные технологии
a Ключевые слова качество жизни
a Ключевые слова коллективная травма
a Ключевые слова культурная травма
a Ключевые слова медианасилие
a Ключевые слова медиапсихология
a Ключевые слова методология психологии
a Ключевые слова молодые избиратели
a Ключевые слова образ мира
a Ключевые слова педагогическая деятельность
a Ключевые слова педагогический авторитет
a Ключевые слова педагогическое образование
a Ключевые слова переработка информации
a Ключевые слова подготовка священнослужителей
a Ключевые слова подростки
a Ключевые слова подростковый возраст
a Ключевые слова постнеклассическая рациональность
a Ключевые слова предвыборная кампания
a Ключевые слова продукты цифровой экономики
a Ключевые слова профессиональная идентичность
a Ключевые слова профессиональное развитие
a Ключевые слова психологическая стабильность
a Ключевые слова психологическая травма
a Ключевые слова психологические механизмы
a Ключевые слова психологические свойства
a Ключевые слова психологическое здоровье
a Ключевые слова психология массовых коммуникаций
a Ключевые слова психология СМИ
a Ключевые слова психология телевидения
a Ключевые слова психология эмоций
a Ключевые слова развитие воли
a Ключевые слова самоповреждающее поведение
a Ключевые слова система деятельности
a Ключевые слова системный подход
a Ключевые слова совместная деятельность
a Ключевые слова соматоформные расстройства
a Ключевые слова социализация школьников
a Ключевые слова социальная фрустрированность
a Ключевые слова социальное познание
a Ключевые слова социальные представления
a Ключевые слова старший школьный возраст
a Ключевые слова студенты
a Ключевые слова студенты-педагоги
a Ключевые слова студенты-психологи
a Ключевые слова суицидальное поведение
a Ключевые слова суицидальный риск
a Ключевые слова телесный опыт
a Ключевые слова тревожно-депрессивные состояния
a Ключевые слова факторный анализ
a Ключевые слова цифровая грамотность
a Ключевые слова цифровая экономика
a Ключевые слова цифровые компетенции
a Ключевые слова цифровые технологии
a Ключевые слова экологическая психология
a Ключевые слова экологическое сознание
a Ключевые слова электоральное поведение (поведение избирателей)
a Ключевые слова электоральные предпочтения
a Ключевые слова электорат (избиратели)
a Ключевые слова эмоции
a Ключевые слова эмоциональная информация
a Ключевые слова эмоциональные реакции
a Ключевые слова эмпатия
700 12 a Автор Лукьянов А. С.
q Полное имя Лукьянов Алексей Сергеевич
700 1_ a Автор Лукьянова М. В.
q Полное имя Лукьянова Марина Владимировна
700 1_ a Автор Строй Г. В.
q Полное имя Строй Галина Владимировна
700 1_ a Автор Ноакк Н. В.
q Полное имя Ноакк Наталия Вадимовна
700 1_ a Автор Ларин С. Н.
q Полное имя Ларин Сергей Николаевич
700 1_ a Автор Патоша О. И.
q Полное имя Патоша Ольга Ивановна
700 1_ a Автор Воронина Т. Н.
q Полное имя Воронина Татьяна Николаевна
700 1_ a Автор Пряхина Т. В.
q Полное имя Пряхина Татьяна Владимировна
700 1_ a Автор Василенко Т. Д.
q Полное имя Василенко Татьяна Дмитриевна
700 1_ a Автор Мангушев Ф. Ю.
q Полное имя Мангушев Филипп Юрьевич
700 1_ a Автор Дедов Н. П.
q Полное имя Дедов Николай Петрович
700 1_ a Автор Коробанова Ж. В.
q Полное имя Коробанова Жанна Владимировна
700 1_ a Автор Крылов А. Ю.
q Полное имя Крылов Андрей Юрьевич
700 1_ a Автор Девятов С. С.
q Полное имя Девятов Сергей Сергеевич
700 1_ a Автор Игнатова Е. С.
q Полное имя Игнатова Екатерина Сергеевна
700 1_ a Автор Баранова В. А.
q Полное имя Баранова Виктория Анатольевна
700 1_ a Автор Савина О. О.
q Полное имя Савина Ольга Олеговна
700 1_ a Автор Родин Ю. И.
q Полное имя Родин Юрий Иванович
700 1_ a Автор Метелкина Д. С.
q Полное имя Метелкина Дарья Сергеевна
700 1_ a Автор Мишина А. В.
q Полное имя Мишина Анастасия Викторовна
700 1_ a Автор Нартов А. А.
q Полное имя Нартов Александр Александрович
700 1_ a Автор Раннева Е. Ю.
q Полное имя Раннева Екатерина Юрьвна
700 1_ a Автор Зябрева В. С.
q Полное имя Зябрева Вероника Сергеевна
700 1_ a Автор Люкшина Д. С.
q Полное имя Люкшина Дарья Сергеевна
700 1_ a Автор Кадыров Р. В.
q Полное имя Кадыров Руслан Викторович
700 1_ a Автор Капустина Т. В.
q Полное имя Капустина Татьяная Викторовна
773 18 w Контрольный № источника DU/576772540
900 a Имя электронного ресурса P_psihologiya_ist_krit_T_7_2A_18
x Справочная информация оглавление
901 t Тип документа s
952 a Тип литературы для КСУ ВШ НЖ
991 s 3